[Event "Campeonato Brasileiro Juvenil 2012 - Abs"]
[Site "Sao Paulo"]
[Date "2012.06.07"]
[Round "2.15"]
[White "Fleck Da Silva, Rafael"]
[Black "Rigonati, Eduardo Enrico Santa"]
[Result "1-0"]
[WhiteElo "1927"]
[BlackElo "1810"]
[PlyCount "69"]
[EventDate "2012.06.07"]

1. e4 Nf6 2. Nc3 d5 3. e5 d4 4. exf6 dxc3 5. fxg7 cxd2+ 6. Qxd2 Qxd2+ 7. Bxd2
Bxg7 8. O-O-O Nc6 9. Bb5 Bd7 10. Nf3 O-O-O 11. Rhe1 Rde8 12. Ng5 f6 13. Ne6
Bxe6 14. Bxc6 bxc6 15. Rxe6 Kd7 16. Re4 Kc8 17. Ra4 Kb7 18. Be3 Ra8 19. Rd7
Rhe8 20. Bf4 Rac8 21. Rb4+ Ka8 22. Bxc7 Bh6+ 23. Kb1 Rg8 24. g3 Rg5 25. Bf4 Rh5
26. Rbb7 Ra5 27. Bxh6 c5 28. Be3 Rc6 29. Rxe7 Rd6 30. b4 cxb4 31. Bxa7 Rd8 32.
Kb2 h5 33. Bb6 Ra6 34. Bxd8 h4 35. Rbd7 1-0

[Event "Campeonato Brasileiro Juvenil 2012 - Abs"]
[Site "Sao Paulo"]
[Date "2012.06.07"]
[Round "2.16"]
[White "Nolasco, Vitor"]
[Black "De Assis, Henrique Zerbini J"]
[Result "1-0"]
[WhiteElo "1918"]
[BlackElo "1766"]
[PlyCount "139"]
[EventDate "2012.06.07"]

1. e4 c5 2. Nf3 d6 3. d4 cxd4 4. Nxd4 Nf6 5. Nc3 a6 6. Bc4 e6 7. Bb3 Be7 8. O-O
O-O 9. Be3 b5 10. a3 Qc7 11. f4 Bd7 12. f5 e5 13. Nde2 Bc6 14. Ng3 Nbd7 15. Rc1
Nb6 16. Bxb6 Qxb6+ 17. Kh1 Rac8 18. Bd5 Bxd5 19. exd5 Rc4 20. Nh5 Qe3 21. Nxf6+
Bxf6 22. Re1 Qh6 23. Ne4 Bg5 24. Ra1 Rfc8 25. c3 g6 26. Qg4 Qh4 27. Qxh4 Bxh4
28. g3 Be7 29. f6 Bf8 30. g4 a5 31. b3 Rxe4 32. Rxe4 Rxc3 33. g5 h6 34. h4 Rxb3
35. Kg2 Rd3 36. Ree1 Rxd5 37. Rab1 Rc5 38. Rec1 b4 39. axb4 axb4 40. Re1 Rc4
41. Kg3 Rc3+ 42. Kf2 b3 43. Re3 Rc2+ 44. Re2 Rc4 45. Rxb3 Rxh4 46. Rb8 hxg5 47.
Kg3 Rh1 48. Rh2 Rxh2 49. Kxh2 d5 50. Kg3 d4 51. Kf3 g4+ 52. Kxg4 e4 53. Kf4 e3
54. Kf3 g5 55. Rd8 g4+ 56. Ke2 g3 57. Rxd4 Kh7 58. Rg4 Bh6 59. Rxg3 Kh8 60. Rh3
Kh7 61. Rg3 Kh8 62. Rg2 Kh7 63. Kf3 Kh8 64. Ke4 Kh7 65. Ke5 Bf8 66. Kf5 Bh6 67.
Rh2 e2 68. Rxe2 Kg8 69. Rg2+ Kh8 70. Rh2 1-0

[Event "Campeonato Brasileiro Juvenil 2012 - Abs"]
[Site "Sao Paulo"]
[Date "2012.06.07"]
[Round "2.17"]
[White "Luz, Arthur Nader"]
[Black "Takeda, Lucas Koji"]
[Result "0-1"]
[WhiteElo "1760"]
[BlackElo "1902"]
[PlyCount "97"]
[EventDate "2012.06.07"]

1. d4 d5 2. c4 e6 3. Nc3 Nf6 4. cxd5 exd5 5. Bg5 Be7 6. e3 c6 7. Bd3 O-O 8. Qc2
Nbd7 9. Nf3 Re8 10. O-O Nf8 11. Na4 a5 12. a3 Ne6 13. Bh4 b5 14. Nc5 Nxc5 15.
dxc5 Nd7 16. Bxe7 Qxe7 17. b4 a4 18. Qb2 Ne5 19. Nxe5 Qxe5 20. Qxe5 Rxe5 21.
Bc2 Bf5 22. Bxf5 Rxf5 23. Rad1 Re8 24. Rd4 Rfe5 25. Rfd1 f5 26. g3 Kf7 27. Kg2
Kf6 28. h4 Re4 29. Kf3 h6 30. Kg2 Rxd4 31. Rxd4 Re4 32. Kf3 Ke5 33. Rd3 Rc4 34.
Ke2 Rc2+ 35. Kf3 Rb2 36. Rd1 Rb3 37. Ra1 d4 38. Ra2 dxe3 39. fxe3 Rd3 40. Ra1
g5 41. hxg5 hxg5 42. Rh1 Rxa3 43. Rh6 Rb3 44. Rxc6 Rxb4 45. Rb6 a3 46. Rd6 a2
47. Ra6 Ra4 48. Rxa4 bxa4 49. c6 0-1

[Event "Campeonato Brasileiro Juvenil 2012 - Abs"]
[Site "Sao Paulo"]
[Date "2012.06.07"]
[Round "2.18"]
[White "Japiassu, Ricardo De Villa Nov"]
[Black "Gomes Silverio, Taua"]
[Result "1-0"]
[WhiteElo "1900"]
[BlackElo "1665"]
[PlyCount "121"]
[EventDate "2012.06.07"]

1. d4 Nf6 2. Bg5 d6 3. Bxf6 gxf6 4. c4 e5 5. d5 c6 6. Nc3 Nd7 7. e4 Nb6 8. Qh5
Qd7 9. Bd3 Qg4 10. Qxg4 Bxg4 11. f3 Bh5 12. Nge2 Bh6 13. g4 Bg6 14. h4 Be3 15.
h5 O-O-O 16. hxg6 hxg6 17. Rxh8 Rxh8 18. Ng3 Rh3 19. Nce2 Bf4 20. Nxf4 Rxg3 21.
Ne2 Rxf3 22. Kd2 Na4 23. b3 Nc5 24. Bc2 Rf2 25. dxc6 bxc6 26. Ke3 Rh2 27. Rf1
Nd7 28. b4 Kd8 29. Ba4 c5 30. Re1 Nb6 31. Bb3 Kd7 32. b5 Rh3+ 33. Kf2 Rh2+ 34.
Kf1 Rh4 35. a4 Rxg4 36. a5 Nc8 37. Nc3 Rg3 38. Nd5 Ke6 39. Bc2 Ne7 40. Nxe7
Kxe7 41. b6 axb6 42. axb6 Kd7 43. Ba4+ Kc8 44. Bc6 Rb3 45. b7+ Kc7 46. Bd5 Ra3
47. Kg2 Ra4 48. Rb1 Kb8 49. Rb6 f5 50. exf5 gxf5 51. Rxd6 Ra3 52. Rf6 e4 53.
Rxf7 Rb3 54. Rf8+ Kc7 55. Rc8+ Kd6 56. b8=Q+ Rxb8 57. Rxb8 e3 58. Kf3 f4 59.
Rd8+ Ke5 60. Rf8 Kd4 61. Rxf4+ 1-0

[Event "Campeonato Brasileiro Juvenil 2012 - Abs"]
[Site "Sao Paulo"]
[Date "2012.06.07"]
[Round "2.19"]
[White "Correia, Vitor Paie"]
[Black "Araujo, Renan Aparecido"]
[Result "0-1"]
[WhiteElo "1494"]
[BlackElo "1878"]
[PlyCount "92"]
[EventDate "2012.06.07"]

1. b4 e5 2. Bb2 Nc6 3. Nf3 e4 4. b5 exf3 5. bxc6 bxc6 6. exf3 Rb8 7. Qe2+ Qe7
8. Qxe7+ Nxe7 9. Bd4 a6 10. Nc3 Nf5 11. Be5 d6 12. Bf4 Nd4 13. Bd3 Bf5 14. Bxf5
Nxf5 15. Be3 Be7 16. O-O Rb2 17. Rfc1 Kd7 18. Rab1 Rhb8 19. h3 Bf6 20. Ra1 Bxc3
21. dxc3 Re8 22. Rab1 Rxb1 23. Rxb1 Nxe3 24. fxe3 Rxe3 25. Rb3 Re2 26. Rb2 Re5
27. Kf2 Rb5 28. Rb3 d5 29. Ke3 Kd6 30. f4 Kc5 31. Kd3 h5 32. a4 Ra5 33. Ra3 h4
34. f5 Kd6 35. f6 g5 36. Kd4 c5+ 37. Kd3 Ke5 38. c4 c6 39. Ra1 Kxf6 40. Ra3 Ke5
41. Ke2 Kd4 42. c3+ Kxc4 43. Kd2 f5 44. Kc2 d4 45. Kc1 Kd3 46. Kb2 c4 0-1

[Event "Campeonato Brasileiro Juvenil 2012 - Abs"]
[Site "Sao Paulo"]
[Date "2012.06.08"]
[Round "3.1"]
[White "Barbosa, Evandro Amorim"]
[Black "Marques, Joao Paulo Cassemiro"]
[Result "1-0"]
[WhiteElo "2401"]
[BlackElo "2191"]
[PlyCount "69"]
[EventDate "2012.06.07"]

1. e4 c5 2. Nf3 g6 3. Bc4 Bg7 4. c3 e6 5. O-O a6 6. d4 cxd4 7. Nxd4 Qc7 8. Qe2
Ne7 9. Bg5 Nbc6 10. Nd2 O-O 11. Nxc6 Nxc6 12. Rad1 b5 13. Bb3 a5 14. Qe3 a4 15.
Bc2 a3 16. bxa3 Rxa3 17. Bb3 d6 18. Nf3 Bb7 19. Bh6 Na5 20. Bxg7 Kxg7 21. Nd4
Qc5 22. Nc2 Qxe3 23. fxe3 Rxb3 24. axb3 Nxb3 25. Rxd6 Bxe4 26. Nb4 f5 27. Rxe6
Rc8 28. Re7+ Kh6 29. h4 Rxc3 30. g4 Nd2 31. g5+ Kh5 32. Rf4 Rc1+ 33. Kf2 Rf1+
34. Ke2 Rxf4 35. exf4 1-0

[Event "Campeonato Brasileiro Juvenil 2012 - Abs"]
[Site "Sao Paulo"]
[Date "2012.06.08"]
[Round "3.2"]
[White "Maranhao, Jose Renato Ruiz"]
[Black "Santiago, Yago De Moura"]
[Result "1-0"]
[WhiteElo "2090"]
[BlackElo "2347"]
[PlyCount "87"]
[EventDate "2012.06.07"]

1. e4 c5 2. Nf3 d6 3. Bc4 e6 4. O-O Nf6 5. Re1 Be7 6. d3 a6 7. a4 Nc6 8. c3 Na5
9. Ba2 O-O 10. Nbd2 b5 11. e5 dxe5 12. Nxe5 Bb7 13. Ndf3 Bd5 14. c4 bxc4 15.
dxc4 Bb7 16. Bf4 Qc8 17. Qc2 Nc6 18. Bb1 Nd4 19. Nxd4 cxd4 20. b4 g6 21. c5 Bd5
22. Ra3 Qb7 23. b5 axb5 24. Rg3 d3 25. Qxd3 Bxc5 26. Bh6 Be4 27. Qc3 Rfc8 28.
Nxg6 Bxg6 29. Qxf6 Bf8 30. Bxf8 Rxf8 31. Be4 Qd7 32. Bxa8 Rxa8 33. h4 Qd2 34.
Ree3 Rxa4 35. Rd3 Qc1+ 36. Kh2 Ra8 37. Rd8+ Rxd8 38. Qxd8+ Kg7 39. h5 Qh6 40.
Qh4 Kf8 41. Qd8+ Kg7 42. Qg5 Qxg5 43. Rxg5 Kf6 44. hxg6 1-0

[Event "Campeonato Brasileiro Juvenil 2012 - Abs"]
[Site "Sao Paulo"]
[Date "2012.06.08"]
[Round "3.3"]
[White "Quintiliano Pinto, Renato R"]
[Black "Devescovi Parreira, Pedro Paulo"]
[Result "0-1"]
[WhiteElo "2272"]
[BlackElo "2085"]
[PlyCount "58"]
[EventDate "2012.06.07"]

1. d4 Nf6 2. c4 g6 3. g3 Bg7 4. Bg2 d6 5. Nc3 O-O 6. Nf3 Nc6 7. O-O a6 8. d5
Na5 9. Nd2 c5 10. Qc2 Re8 11. b3 b5 12. Rb1 h5 13. cxb5 axb5 14. b4 cxb4 15.
Rxb4 Qc7 16. Qd3 Bf5 17. e4 Bd7 18. Ba3 Ng4 19. Rc1 Qa7 20. Nd1 Nc4 21. Nxc4
bxc4 22. Qb1 Bd4 23. Rcxc4 Bxf2+ 24. Kh1 Bc5 25. Rb8 Raxb8 26. Bb2 Ba4 27. h3
Ne5 28. Rc1 Bxd1 29. Rxd1 Nc4 0-1

[Event "Campeonato Brasileiro Juvenil 2012 - Abs"]
[Site "Sao Paulo"]
[Date "2012.06.08"]
[Round "3.4"]
[White "Proudian, Armen"]
[Black "Sztokbant, Bernardo Vainzoff"]
[Result "1-0"]
[WhiteElo "2147"]
[BlackElo "2093"]
[PlyCount "109"]
[EventDate "2012.06.07"]

1. e4 e5 2. Nf3 Nc6 3. Bb5 a6 4. Ba4 Nf6 5. d3 b5 6. Bb3 Be7 7. O-O O-O 8. Re1
d6 9. c3 Na5 10. Bc2 c5 11. Nbd2 Nc6 12. Nf1 h6 13. Ne3 Be6 14. d4 cxd4 15.
cxd4 Nxd4 16. Nxd4 exd4 17. Qxd4 Qc7 18. Bd2 Qc5 19. Qd3 g6 20. Rac1 Qh5 21. f4
Ng4 22. Nxg4 Bxg4 23. f5 Qh4 24. h3 Bh5 25. g4 Bxg4 26. hxg4 Qxg4+ 27. Kf1 Bg5
28. Bxg5 hxg5 29. Kf2 Qf4+ 30. Kg2 Kg7 31. Qg3 Qd2+ 32. Qf2 Qxf2+ 33. Kxf2 gxf5
34. exf5 Rac8 35. Be4 Rfe8 36. Rxc8 Rxc8 37. Rd1 Kf6 38. Ke3 Ke7 39. Rg1 Kf6
40. Rd1 Ke7 41. Rd2 Rc5 42. Bd3 a5 43. Kd4 Kf6 44. a3 b4 45. axb4 axb4 46. Rd1
g4 47. Rg1 Kg5 48. Be2 Rc2 49. Rxg4+ Kxf5 50. Bd3+ Kxg4 51. Bxc2 f5 52. Kc4 f4
53. Kxb4 f3 54. Kc4 Kf4 55. Kd4 1-0

[Event "Campeonato Brasileiro Juvenil 2012 - Abs"]
[Site "Sao Paulo"]
[Date "2012.06.08"]
[Round "3.5"]
[White "Martins, Anderson Donay"]
[Black "Goncalves, Ivan Mesquita V"]
[Result "0-1"]
[WhiteElo "1946"]
[BlackElo "2100"]
[PlyCount "72"]
[EventDate "2012.06.07"]

1. e4 e6 2. d4 d5 3. exd5 exd5 4. Bf4 Nf6 5. Nc3 Be7 6. Bd3 Bg4 7. f3 Bh5 8.
Qd2 Nc6 9. Nge2 Qd7 10. g4 Bg6 11. O-O-O O-O-O 12. Kb1 Bxd3 13. Qxd3 h5 14. h3
g6 15. Nc1 Ne8 16. Nb3 Ng7 17. Na4 Ne6 18. Nac5 Bxc5 19. Nxc5 Nxc5 20. dxc5 Qe7
21. Qc3 d4 22. Qc4 Qf6 23. Bh2 hxg4 24. fxg4 Rxh3 25. a3 Rdh8 26. Rhf1 Qe6 27.
Qxe6+ fxe6 28. Bg1 e5 29. Rf7 Rg3 30. Bf2 Rxg4 31. Ka2 Rf4 32. Rg7 Rxf2 33.
Rxg6 Rxc2 34. Rf1 Rxc5 35. Rf7 Rd8 36. Rgg7 Nb8 0-1

[Event "Campeonato Brasileiro Juvenil 2012 - Abs"]
[Site "Sao Paulo"]
[Date "2012.06.08"]
[Round "3.6"]
[White "Abdalla, Jose Lucas Aurelli"]
[Black "E Silva, Hamilton Moreira"]
[Result "1-0"]
[WhiteElo "2098"]
[BlackElo "1939"]
[PlyCount "125"]
[EventDate "2012.06.07"]

1. e4 c5 2. Nf3 Nc6 3. Bb5 g6 4. O-O Bg7 5. c3 e6 6. d4 cxd4 7. cxd4 Qb6 8.
Bxc6 dxc6 9. Nc3 Nf6 10. b3 O-O 11. Ba3 Rd8 12. Be7 Re8 13. Bxf6 Bxf6 14. e5
Be7 15. Ne4 Qd8 16. Qd2 Kg7 17. Qf4 b6 18. Rad1 Bb7 19. h3 h6 20. Nh2 Bg5 21.
Qg3 f5 22. exf6+ Bxf6 23. Nxf6 Qxf6 24. Ng4 Qf7 25. Qe5+ Kf8 26. Nxh6 Qg7 27.
Qf4+ Ke7 28. Ng4 Rad8 29. Rfe1 Rd5 30. Re5 c5 31. Qg5+ Kf8 32. Nf6 Rxe5 33.
dxe5 Re7 34. Rd8+ Kf7 35. Qf4 g5 36. Qd2 a6 37. Rg8 Qxg8 38. Nxg8 Kxg8 39. Qd8+
Kf7 40. Qxb6 Rd7 41. Kh2 Kg6 42. Qxc5 Kf7 43. Qc2 Kg7 44. f3 Bd5 45. Qc8 Rb7
46. Qd8 Kg6 47. Qf6+ Kh7 48. Qxg5 Rg7 49. Qd2 Kg6 50. Qd3+ Kh6 51. Qxa6 Kg6 52.
a4 Kf5 53. a5 Kxe5 54. Qe2+ Kd6 55. b4 Ra7 56. Qe3 Ra8 57. Qb6+ Ke5 58. a6 Kf4
59. b5 Kg5 60. Qa5 Kf6 61. b6 Bc6 62. b7 Bxb7 63. Qc3+ 1-0

[Event "Campeonato Brasileiro Juvenil 2012 - Abs"]
[Site "Sao Paulo"]
[Date "2012.06.08"]
[Round "3.7"]
[White "Takeda, Lucas Koji"]
[Black "Caetano, Hugo Zanotti Mendonc"]
[Result "0-1"]
[WhiteElo "1902"]
[BlackElo "2047"]
[PlyCount "106"]
[EventDate "2012.06.07"]

1. d4 d5 2. Nf3 e6 3. c4 c6 4. cxd5 exd5 5. Bg5 Nf6 6. e3 Be7 7. Bd3 Nbd7 8.
Nc3 O-O 9. O-O Re8 10. Qc2 h6 11. Bh4 Ne4 12. Bxe4 Bxh4 13. Bh7+ Kh8 14. Bf5
Bf6 15. b4 Nb6 16. Bd3 Bg4 17. Nd2 Rc8 18. h3 Bd7 19. a4 Qe7 20. Rab1 g6 21. a5
Na8 22. Qb3 a6 23. Na4 Rcd8 24. Nc5 Bc8 25. Nf3 Bg7 26. Rbe1 f5 27. Qb1 Nc7 28.
Nh2 Rf8 29. f4 Rg8 30. Nf3 Bf6 31. Ne5 Ne8 32. Qd1 Qg7 33. Qf3 Nd6 34. Re2 Rdf8
35. Kh1 Qe7 36. Rg1 Rg7 37. g3 Ne4 38. Rh2 Qc7 39. Na4 Be7 40. Rb1 Bd6 41. Rc2
Qe7 42. Nc5 Qd8 43. Na4 g5 44. Bxe4 fxe4 45. Qh5 Qf6 46. Rf2 Kh7 47. Nc5 Qe7
48. Rbf1 gxf4 49. gxf4 Rf5 50. Qe2 Rg3 51. Rh2 Qh4 52. Qf2 Rh5 53. Rg1 Rxh3 0-1

[Event "Campeonato Brasileiro Juvenil 2012 - Abs"]
[Site "Sao Paulo"]
[Date "2012.06.08"]
[Round "3.8"]
[White "Branchini, Fernando Luis Sakamo"]
[Black "Japiassu, Ricardo De Villa Nov"]
[Result "1-0"]
[WhiteElo "1972"]
[BlackElo "1900"]
[PlyCount "73"]
[EventDate "2012.06.07"]

1. e4 c5 2. Nc3 Nc6 3. g3 d6 4. Bg2 g6 5. f4 Bg7 6. Nf3 Nf6 7. O-O O-O 8. d3
Rb8 9. h3 b5 10. g4 b4 11. Ne2 Qc7 12. f5 a5 13. Nf4 a4 14. g5 Ne8 15. Nd5 Qa7
16. Nh4 Bd4+ 17. Be3 Ng7 18. Bxd4 Nxd4 19. f6 exf6 20. gxf6 Nh5 21. Ne7+ Kh8
22. c3 bxc3 23. bxc3 Ne6 24. Nc6 Qc7 25. Nxb8 Qxb8 26. Rb1 Qc7 27. Qd2 Bb7 28.
Nf3 Nef4 29. Qb2 Ba6 30. Ne1 Qd8 31. c4 Bc8 32. Kh2 Re8 33. Nf3 Qd7 34. Qb5 Qe6
35. Ng5 Bd7 36. Nxe6 Bxb5 37. Nxf4 1-0

[Event "Campeonato Brasileiro Juvenil 2012 - Abs"]
[Site "Sao Paulo"]
[Date "2012.06.08"]
[Round "3.9"]
[White "Araujo, Renan Aparecido"]
[Black "Lima, Paulo Sergio Da Silv"]
[Result "1-0"]
[WhiteElo "1878"]
[BlackElo "1942"]
[PlyCount "83"]
[EventDate "2012.06.07"]

1. d4 Nf6 2. Nf3 e6 3. c4 d5 4. Nc3 Be7 5. Bg5 O-O 6. e3 h6 7. Bh4 b6 8. cxd5
exd5 9. Qb3 Bb7 10. Bxf6 Bxf6 11. g3 c5 12. Rd1 c4 13. Qc2 Nc6 14. a3 Qd7 15.
Bg2 Rfe8 16. O-O Na5 17. Nd2 b5 18. b4 cxb3 19. Nxb3 Nxb3 20. Qxb3 Red8 21.
Qxb5 Qxb5 22. Nxb5 a6 23. Nc3 Be7 24. Rb1 Rab8 25. Rb3 Bc6 26. Rfb1 Rxb3 27.
Rxb3 a5 28. Rb6 Rc8 29. Bxd5 Bxd5 30. Nxd5 Bxa3 31. Ra6 Bb4 32. Nxb4 axb4 33.
Ra1 Kf8 34. Rb1 Rc4 35. Kg2 Ke7 36. Kf3 Ke6 37. Ke4 f5+ 38. Kd3 Rc3+ 39. Ke2
Rc4 40. Rb3 g5 41. Kd3 Kd5 42. f3 1-0

[Event "Campeonato Brasileiro Juvenil 2012 - Abs"]
[Site "Sao Paulo"]
[Date "2012.06.08"]
[Round "3.10"]
[White "Quevedo Naissinger, Willian"]
[Black "Goncalves, Leonardo Yamamoto Po"]
[Result "1-0"]
[WhiteElo "1940"]
[BlackElo "1848"]
[PlyCount "113"]
[EventDate "2012.06.07"]

1. e4 c5 2. Nf3 g6 3. d4 cxd4 4. Nxd4 Nc6 5. Nc3 Bg7 6. Be3 Nf6 7. Bc4 Qa5 8.
O-O O-O 9. Nb3 Qc7 10. Be2 d6 11. f4 a6 12. a4 Be6 13. Nd4 Nxd4 14. Bxd4 Qd7
15. Qd2 Rac8 16. Rad1 Bc4 17. Qe3 Bxe2 18. Qxe2 Qg4 19. Qe3 Qh5 20. h3 Rc4 21.
e5 Nd7 22. b3 dxe5 23. bxc4 exd4 24. Qxe7 Qc5 25. Qxc5 Nxc5 26. Ne2 Nxa4 27.
Rb1 Re8 28. Kf2 Nc5 29. Rfd1 Rd8 30. Kf3 Rd7 31. Rd2 f5 32. g4 Ne4 33. Rd3 Nd6
34. Nxd4 Nxc4 35. Nb3 Rxd3+ 36. cxd3 Nb2 37. d4 Nc4 38. Ke2 Bf8 39. Nc5 Bxc5
40. dxc5 Na5 41. Rd1 Nb3 42. Rd8+ Kf7 43. Rd7+ Ke8 44. Rc7 fxg4 45. hxg4 Kf8
46. Kd3 h5 47. gxh5 gxh5 48. Kc3 Na5 49. Kb4 Nc6+ 50. Ka4 Nd8 51. Rh7 Ne6 52.
Rxh5 Nxf4 53. Rf5+ Ke7 54. Rxf4 Ke6 55. Ka5 Kd5 56. Kb6 a5 57. Ra4 1-0

[Event "Campeonato Brasileiro Juvenil 2012 - Abs"]
[Site "Sao Paulo"]
[Date "2012.06.08"]
[Round "3.11"]
[White "Araujo, Leonardo Augusto De"]
[Black "Sousa, Felipe Mazim De"]
[Result "0-1"]
[WhiteElo "1932"]
[BlackElo "1707"]
[PlyCount "50"]
[EventDate "2012.06.07"]

1. e4 c5 2. Nc3 Nc6 3. Nf3 g6 4. d3 Bg7 5. g3 e6 6. Bg5 Nge7 7. Qd2 a6 8. Bg2
b5 9. O-O O-O 10. Bh6 d5 11. Bxg7 Kxg7 12. Rae1 d4 13. Ne2 e5 14. h4 h5 15. Ng5
f6 16. Nh3 Be6 17. f4 Qd7 18. Kh2 Bxa2 19. fxe5 fxe5 20. Rxf8 Rxf8 21. Ra1 Ng8
22. Neg1 Nh6 23. Rf1 Rxf1 24. Bxf1 Ng4+ 25. Kh1 Qe6 {ilegivel} 0-1

[Event "Campeonato Brasileiro Juvenil 2012 - Abs"]
[Site "Sao Paulo"]
[Date "2012.06.08"]
[Round "3.16"]
[White "De Sousa, Matheus Mazim"]
[Black "Poeta, Caio Medeiros"]
[Result "1-0"]
[WhiteElo "1818"]
[BlackElo "1859"]
[PlyCount "172"]
[EventDate "2012.06.07"]

1. d4 Nf6 2. c4 g6 3. Nc3 Bg7 4. e4 d6 5. Be2 Nc6 6. Nf3 O-O 7. O-O e5 8. dxe5
dxe5 9. Bg5 Qxd1 10. Rfxd1 Be6 11. Nd5 Nxe4 12. Nxc7 Rac8 13. Nxe6 fxe6 14. Be3
Rcd8 15. Bd3 Nf6 16. Ng5 Rfe8 17. Ne4 Nxe4 18. Bxe4 Rxd1+ 19. Rxd1 Nd4 20. b4
Rc8 21. Bxd4 Rxc4 22. Bxa7 Rxe4 23. a3 b5 24. Be3 Rc4 25. Rd8+ Kf7 26. Rb8 Rc3
27. Rxb5 Rxa3 28. g3 Rb3 29. Rb7+ Kf6 30. b5 g5 31. Bxg5+ Kxg5 32. Rxg7+ Kf6
33. Rb7 e4 34. Kf1 h5 35. b6 e3 36. fxe3 Rxe3 37. Rh7 Kg6 38. b7 Rb3 39. Rd7
Kf5 40. Ke2 Kg4 41. Rh7 e5 42. Kd2 e4 43. Kc2 Rb6 44. Kc3 Kf3 45. Kd4 e3 46.
Rf7+ Ke2 47. Re7 Kf2 48. Rxe3 Rxb7 49. Re5 Rh7 50. Re4 Rg7 51. Kd5 Ra7 52. Rh4
Kf3 53. Ke6 Ra6+ 54. Kf7 Ra7+ 55. Kg6 Ra6+ 56. Kxh5 Ra5+ 57. Kg6 Ra6+ 58. Kf7
Ra7+ 59. Ke6 Ra6+ 60. Kd5 Ra5+ 61. Kc6 Ra6+ 62. Kb5 Rg6 63. Kc5 Rg8 64. Kd6 Ra8
65. g4 Kf4 66. h3 Kg5 67. Rh5+ Kg6 68. Rf5 Ra6+ 69. Ke5 Ra3 70. h4 Ra5+ 71. Kf4
Ra4+ 72. Kg3 Ra3+ 73. Rf3 Ra5 74. Rb3 Kh6 75. Rb6+ Kh7 76. h5 Ra3+ 77. Kh4 Ra4
78. h6 Kh8 79. Kh5 Ra5+ 80. Kg6 Ra8 81. g5 Rc8 82. Rf6 Ra8 83. Rf5 Kg8 84. Kh5
Kh7 85. g6+ Kh8 86. h7 Kg7 1-0

[Event "Campeonato Brasileiro Juvenil 2012 - Abs"]
[Site "Sao Paulo"]
[Date "2012.06.08"]
[Round "3.18"]
[White "De Assis, Henrique Zerbini J"]
[Black "De Carvalho, Igor Lorenzon"]
[Result "0-1"]
[WhiteElo "1766"]
[BlackElo "1867"]
[PlyCount "98"]
[EventDate "2012.06.07"]

1. e4 c6 2. d4 d5 3. exd5 cxd5 4. c4 Nf6 5. Nc3 e6 6. a3 Be7 7. c5 O-O 8. Nf3
b6 9. b4 Ne4 10. Bb2 Nxc3 11. Bxc3 a5 12. Bb5 axb4 13. axb4 Rxa1 14. Qxa1 bxc5
15. bxc5 Bd7 16. Qa4 Bxb5 17. Qxb5 Qc7 18. Ba5 Qc6 19. Qb6 Bd8 20. Qb4 Qa6 21.
Bxd8 Rxd8 22. Kd2 Nc6 23. Qb6 Qxb6 24. cxb6 Na5 25. Rb1 Nc4+ 26. Kc3 Rb8 27. b7
Na5 28. Rb5 Nxb7 29. Kb4 Kf8 30. Rb6 f6 31. Nd2 Ke7 32. Nb3 Kd7 33. Na5 Nxa5
34. Kxa5 Rxb6 35. Kxb6 Kd6 36. Kb5 e5 37. Kb4 exd4 38. Kb3 Ke5 39. Kc2 Ke4 40.
Kd2 d3 41. f3+ Kd4 42. h4 f5 43. g3 h5 44. g4 fxg4 45. fxg4 hxg4 46. h5 g3 47.
h6 gxh6 48. Kd1 g2 49. Kd2 h5 0-1

[Event "Campeonato Brasileiro Juvenil 2012 - Abs"]
[Site "Sao Paulo"]
[Date "2012.06.08"]
[Round "3.20"]
[White "Gomes Silverio, Taua"]
[Black "Nunes, Guilherme Hurba"]
[Result "1-0"]
[WhiteElo "1665"]
[BlackElo "1806"]
[PlyCount "85"]
[EventDate "2012.06.07"]

1. Nf3 d5 2. c4 e6 3. g3 f5 4. Bg2 c6 5. O-O Nf6 6. Nc3 Bd6 7. d4 O-O 8. cxd5
exd5 9. Be3 Nbd7 10. Qd2 Ne4 11. Nxe4 fxe4 12. Ne1 Nf6 13. Bg5 Rf7 14. f3 Qf8
15. Bxf6 Rxf6 16. fxe4 Rxf1+ 17. Bxf1 dxe4 18. Bg2 Bf5 19. Qe3 Qe7 20. Nc2 h5
21. Rf1 Rf8 22. Qb3+ Kh8 23. Ne3 g6 24. Nc4 Bb8 25. Na5 c5 26. Qxb7 Qxb7 27.
Nxb7 cxd4 28. Bxe4 Re8 29. Bxf5 gxf5 30. Rxf5 Rxe2 31. Rf8+ Kg7 32. Rxb8 d3 33.
Kf1 Rxb2 34. Ke1 d2+ 35. Kd1 Kh7 36. a4 Kg7 37. a5 Ra2 38. Rd8 Ra1+ 39. Ke2 Rb1
40. a6 Rb6 41. Rd6 d1=Q+ 42. Kxd1 Rb1+ 43. Kc2 1-0

[Event "Campeonato Brasileiro Juvenil 2012 - Abs"]
[Site "Sao Paulo"]
[Date "2012.06.08"]
[Round "4.1"]
[White "Devescovi Parreira, Pedro Paulo"]
[Black "Barbosa, Evandro Amorim"]
[Result "0-1"]
[WhiteElo "2085"]
[BlackElo "2401"]
[PlyCount "68"]
[EventDate "2012.06.07"]

1. d4 Nf6 2. c4 g6 3. Nc3 d5 4. Nf3 Bg7 5. Bf4 O-O 6. e3 c5 7. dxc5 Ne4 8. Be5
Bxe5 9. Nxe5 Nxc3 10. bxc3 Qa5 11. Qd4 f6 12. Nxg6 hxg6 13. cxd5 Nd7 14. Bd3
Ne5 15. Bc2 Kg7 16. Qb4 Qc7 17. d6 exd6 18. cxd6 Qc4 19. Rd1 Rd8 20. Qa3 Be6
21. Rd4 Qxa2 22. Qxa2 Bxa2 23. O-O Be6 24. Be4 Rab8 25. f4 Nf7 26. Rfd1 a5 27.
d7 b5 28. Bf3 Kf8 29. h4 Ke7 30. h5 gxh5 31. Bxh5 Nh6 32. Be8 Nf5 33. R4d2 Ng7
34. Rd6 Bb3 0-1

[Event "Campeonato Brasileiro Juvenil 2012 - Abs"]
[Site "Sao Paulo"]
[Date "2012.06.08"]
[Round "4.2"]
[White "Goncalves, Ivan Mesquita V"]
[Black "Maranhao, Jose Renato Ruiz"]
[Result "1-0"]
[WhiteElo "2100"]
[BlackElo "2090"]
[PlyCount "87"]
[EventDate "2012.06.07"]

1. Nf3 Nf6 2. c4 e6 3. g3 d5 4. cxd5 exd5 5. Bg2 Be7 6. O-O O-O 7. d3 Nc6 8. a3
Bg4 9. h3 Be6 10. b4 Qc8 11. Kh2 Bd6 12. Bb2 Ne7 13. Bxf6 gxf6 14. Nc3 Kh8 15.
Nb5 Qd7 16. Nxd6 Qxd6 17. Qc2 Rg8 18. Qc5 Qd7 19. Rac1 c6 20. e4 Rg6 21. Nh4
Rh6 22. Qe3 Rh5 23. Qf3 Rh6 24. Qf4 Ng8 25. e5 fxe5 26. Qxe5+ f6 27. Qf4 Kg7
28. Rfe1 Ne7 29. Qe3 f5 30. Qg5+ Rg6 31. Nxg6 Nxg6 32. Qe3 Re8 33. Qd4+ Kh6 34.
f4 Qd6 35. Re3 Bf7 36. Rxe8 Bxe8 37. Qxa7 d4 38. Qc5 Qf6 39. Re1 Bd7 40. a4 Qf8
41. Qxd4 Bc8 42. Re2 Ne7 43. Qd6+ Ng6 44. Qxf8+ 1-0

[Event "Campeonato Brasileiro Juvenil 2012 - Abs"]
[Site "Sao Paulo"]
[Date "2012.06.08"]
[Round "4.3"]
[White "Santiago, Yago De Moura"]
[Black "Proudian, Armen"]
[Result "1/2-1/2"]
[WhiteElo "2347"]
[BlackElo "2147"]
[PlyCount "112"]
[EventDate "2012.06.07"]

1. Nf3 Nf6 2. c4 e6 3. e3 b6 4. b3 Bb7 5. Bb2 c5 6. d4 cxd4 7. exd4 Bb4+ 8.
Nbd2 d5 9. a3 Be7 10. Bd3 Nbd7 11. O-O Ne4 12. Qe2 Nxd2 13. Nxd2 O-O 14. f4 Re8
15. Rae1 Nf8 16. Nf3 a5 17. Ne5 a4 18. b4 dxc4 19. Bxc4 f6 20. Nf3 Bd5 21. Bb5
Nd7 22. Nd2 f5 23. Nc4 Ra7 24. Ne5 Nxe5 25. dxe5 Rf8 26. Rc1 g5 27. Rfd1 gxf4
28. Bc6 Rd7 29. Bxa4 Kh8 30. Bxd7 Qxd7 31. Qc4 Rd8 32. Qxf4 Rg8 33. g3 Bg5 34.
Qd4 Bxc1 35. Rxc1 Qb5 36. Kf2 Rg4 37. Rc8+ Kg7 38. Rc7+ Kg6 39. Qd2 Rc4 40. Qe2
Qa6 41. h4 h5 42. a4 b5 43. axb5 Qxb5 44. Rxc4 Bxc4 45. Qd2 Kf7 46. Ke3 Bd5 47.
Kf4 Kg6 48. Ke3 Qf1 49. Qe2 Qg1+ 50. Qf2 Qb1 51. Bc3 Be4 52. Qe2 Qg1+ 53. Qf2
Qb1 54. Qd2 Qg1+ 55. Qf2 Qb1 56. Qe2 Qg1+ 1/2-1/2

[Event "Campeonato Brasileiro Juvenil 2012 - Abs"]
[Site "Sao Paulo"]
[Date "2012.06.08"]
[Round "4.4"]
[White "Quevedo Naissinger, Willian"]
[Black "Quintiliano Pinto, Renato R"]
[Result "0-1"]
[WhiteElo "1940"]
[BlackElo "2272"]
[PlyCount "138"]
[EventDate "2012.06.07"]

1. e4 c5 2. Nf3 d6 3. d4 cxd4 4. Nxd4 Nf6 5. Nc3 g6 6. Bc4 Bg7 7. O-O O-O 8.
Bb3 Nc6 9. Nxc6 bxc6 10. Bf4 Qc7 11. Qd2 Rd8 12. Rad1 Bg4 13. f3 Be6 14. Rfe1
Nd7 15. Kh1 Qa5 16. Bh6 Bxh6 17. Qxh6 Rab8 18. Qd2 Nc5 19. Ne2 Qxd2 20. Rxd2 a5
21. Bxe6 fxe6 22. Nd4 Rxb2 23. Nxc6 Rd7 24. Nxa5 Rxa2 25. Nc4 Rc7 26. Kg1 Na6
27. Ne3 Nb4 28. Ree2 Rc3 29. Kf2 Kf7 30. Rd4 Nc6 31. Rd3 Rc5 32. g3 Nb4 33. Rd4
Nc6 34. Rd3 Ra4 35. Red2 h5 36. h3 Kf6 37. h4 Kf7 38. Rb3 Nd4 39. Rb2 Rc3 40.
Rd3 Raa3 41. Rxc3 Rxc3 42. Ra2 d5 43. exd5 exd5 44. Nxd5 Rxf3+ 45. Kg2 Rf5 46.
c4 Re5 47. Rd2 Nf5 48. Ra2 Re4 49. Ra4 Rg4 50. Nb6 Rxg3+ 51. Kf2 Rc3 52. Ra7
Rc2+ 53. Kf3 Nxh4+ 54. Ke4 Nf5 55. Kd3 Rc1 56. Kd2 Rb1 57. c5 h4 58. Kc3 Rc1+
59. Kb4 Nd4 60. Ra8 Ne6 61. Nd7 g5 62. Rh8 Nf4 63. c6 Rxc6 64. Ne5+ Kg7 65.
Nxc6 Kxh8 66. Nxe7 h3 67. Nf5 h2 68. Ng3 Ne2 69. Nh1 g4 0-1